000 00308pam a2200121a 44500
008 230405s1997 xxu||||| |||| 00| 0 eng d
041 _aENG
100 _aHans peter schmuder Ed
245 _amehtods in Biotechnology
260 _a
_bTaylor and francis group llc 270
_c1997
300 _a257
906 _a9435
999 _c299934
_d299934